00818cam a2200217 a 450000100100000000500170001000800410002702000150006804000250008308200210010810000390012924500410016826000370020930000210024649000210026765000260028865000290031495201240034395201180046799900150058500000792620240306164224.0750115s1983 sp 000 f spa d z8432204374 aDO-SdBNPbspacBNPHU aPe863.44bV297ca1 aVargas Llosa, Mario,d1936-91256713aLa casa verde /cMario Vargas Llosa. aBarcelona :bSeix Barral,c1983. a430 p. ;c20 cm.1 aBiblioteca breve 4aNovela peruana912569 4aLiteratura peruana93140 001150718MOaGRbGRcMId2017-05-26iLF1l0oPe863.44 V297cap7926-20r2020-06-25te. 2w2020-06-25y1ZNo se presta 001050718MOaGRbGRcHDd2009-09-11iLF1l0oPe863.44 V297cap7926-10r2020-06-25w2020-06-25y1ZNo se presta c7704d7704